The finite element method : (Record no. 29842)
[ view plain ]
| 000 -LEADER | |
|---|---|
| fixed length control field | 00895 a2200205 4500 |
| 020 ## - INTERNATIONAL STANDARD BOOK NUMBER | |
| International Standard Book Number | 0486411818 |
| 020 ## - INTERNATIONAL STANDARD BOOK NUMBER | |
| International Standard Book Number | 9780486411811 |
| 082 ## - DEWEY DECIMAL CLASSIFICATION NUMBER | |
| Classification number | 620.00151535 |
| 090 ## - LOCALLY ASSIGNED LC-TYPE CALL NUMBER (OCLC); LOCAL CALL NUMBER (RLIN) | |
| -- | 1229 |
| -- | 1229 |
| 100 1# - MAIN ENTRY--PERSONAL NAME | |
| Personal name | Hughes, Thomas J. R. |
| 245 14 - TITLE STATEMENT | |
| Title | The finite element method : |
| Remainder of title | linear static and dynamic finite element analysis / |
| Statement of responsibility, etc. | Thomas J. R. Hughes, Engineering. |
| 260 ## - PUBLICATION, DISTRIBUTION, ETC. | |
| Place of publication, distribution, etc. | [S.l.] : |
| Name of publisher, distributor, etc. | Dover Publications, |
| Date of publication, distribution, etc. | 2000. |
| 300 ## - PHYSICAL DESCRIPTION | |
| Extent | 672 p. ; |
| Dimensions | 24 cm. |
| 490 1# - SERIES STATEMENT | |
| Series statement | Dover civil and mechanical engineering. |
| 700 1# - ADDED ENTRY--PERSONAL NAME | |
| Personal name | Hughes, Thomas J. R. |
| 830 #0 - SERIES ADDED ENTRY--UNIFORM TITLE | |
| Uniform title | Dover civil and mechanical engineering. |
| 942 ## - ADDED ENTRY ELEMENTS (KOHA) | |
| Institution code [OBSOLETE] | SNS |
| Koha item type | Book |
| Call number prefix | 620.00151535 HUG |
| Withdrawn status | Lost status | Damaged status | Not for loan | Permanent Location | Current Location | Date acquired | Total Checkouts | Full call number | Barcode | Date last seen | Price effective from | Koha item type |
|---|---|---|---|---|---|---|---|---|---|---|---|---|
| School of Natural Sciences (SNS) | School of Natural Sciences (SNS) | 05/26/2016 | 620.00151535 HUG | SNS0001296 | 05/26/2016 | 05/26/2016 | Book | |||||
| School of Natural Sciences (SNS) | School of Natural Sciences (SNS) | 05/26/2016 | 620.00151535 HUG | SNS0001319 | 05/26/2016 | 05/26/2016 | Book |
